000 00277nam a2200121 a 4500
001 4140
005 20140414132038.0
008 090218s19uu xx 00 eng d
050 _aTR
_bSci2 2000
100 _aLasky, Kathryn
245 _aScience fair bunnies.
999 _c113788
_d113788